000 00302nam a22001217a 4500
040 _cNust
082 _a297
_bALI
100 _aAli Hussain Shah
_9124849
245 _aاسماۓ محمد
260 _aLahore:
_bHaidery Publications,
_c2001.
650 _aاسماۓ محمد
_9121343
942 _2ddc
_cBK
999 _c610634
_d610634